Understanding public policy : theories and issues (Record no. 18656)

MARC details
000 -LEADER
fixed length control field 00517nam a2200193 a 4500
001 - CONTROL NUMBER
control field 156236
003 - CONTROL NUMBER IDENTIFIER
control field OSt
005 - DATE AND TIME OF LATEST TRANSACTION
control field 20210929115458.0
008 - FIXED-LENGTH DATA ELEMENTS--GENERAL INFORMATION
fixed length control field 180703 ### HIN
020 ## - INTERNATIONAL STANDARD BOOK NUMBER
International Standard Book Number 9780230229716
082 ## - DEWEY DECIMAL CLASSIFICATION NUMBER
Classification number 320.6
Item number C12U
100 ## - MAIN ENTRY--PERSONAL NAME
Personal name Cairney, Paul
245 ## - TITLE STATEMENT
Title Understanding public policy : theories and issues
Statement of responsibility, etc by Paul Cairney
260 ## - PUBLICATION, DISTRIBUTION, ETC. (IMPRINT)
Place of publication, distribution, etc London
Name of publisher, distributor, etc Palgrave Macmillan
Date of publication, distribution, etc 2012
300 ## - PHYSICAL DESCRIPTION
Extent xvii, 327p.
653 ## - INDEX TERM--UNCONTROLLED
Uncontrolled term Political planning
653 ## - INDEX TERM--UNCONTROLLED
Uncontrolled term Public administration
942 ## - ADDED ENTRY ELEMENTS (KOHA)
Source of classification or shelving scheme Dewey Decimal Classification
Koha item type Books
Holdings
Withdrawn status Lost status Source of classification or shelving scheme Damaged status Not for loan Collection code Home library Current library Date acquired Source of acquisition Full call number Barcode Checked out Date last seen Price effective from Koha item type
    Dewey Decimal Classification     General Text Book Central University Of Rajasthan Central University Of Rajasthan 03/07/2018 PPLG(P) 320.6 C12U 31125 31/12/2018 02/09/2020 02/09/2020 Books